00740nam a22002057a 450000500170000001000150001702000260003203500140005803700090007208200060008110000250008724500510011225000060016326000420016927001140021130000200032594200200034599900190036595201500038420240925145454.0 aENG-141771 a9789354868986c250.00 aEN-125303 bDBAD aN aSharma, Vikas971952 aMedicine:bLight in Twilight/cBy Vikas Sharma a1 aNew DelhibDiamond Pocket Booksc2024 aX- 30, Okhla Industrial Area, Phase-IIbNew Delhie110020mwecare@diamondbooks.ink011-40712100k011-41611861 a182p.c22cm(pb) 2ddccENhNmSHA c205883d205883 001040708NFICaVPbVPd2024-09-25eDelivery of Books Act Divisiong250.00l0oN SHApEN-125303r2024-09-25 00:00:00t1v250.00w2024-09-25yEN